000 01309cam a22003494a 4500
001 12331406
003 ARRUPE
005 20131203190939.0
008 010301s2001 njua b 001 0 eng
010 _a 2001027380
020 _a0765800888 (alk. paper)
020 _a0765808684 (pbk. : alk. paper)
040 _aDLC
_cDLC
_dDLC
042 _apcc
050 0 0 _aHB74.P65
_bH66 2001
082 0 0 _a321.8
_221
100 1 _aHoppe, Hans-Hermann.
_95051
245 1 0 _aDemocracy--the god that failed :
_bthe economics and politics of monarchy, democracy and natural order /
_cHans-Hermann Hoppe.
260 _aNew Brunswick, [NJ] :
_bTransaction Publishers,
_cc2001.
300 _axxiv, 304 p. :
_bill. ;
_c23 cm.
504 _aIncludes bibliographical references and index.
650 0 _aEconomics
_xPolitical aspects.
_95052
650 0 _aEconomics
_xMoral and ethical aspects.
_95053
650 0 _aEconomic policy.
_95054
650 0 _aMonarchy.
_95055
650 0 _aDemocracy.
_95056
650 0 _aAnarchism.
_95057
650 0 _aState, The
_xEconomic aspects.
_95058
906 _a7
_bcbc
_corignew
_d1
_eocip
_f20
_gy-gencatlg
942 _2lcc
_cMONOGRAPH
999 _c119053
_d119053